| 000 | 00989nam a2200301Ia 4500 | ||
|---|---|---|---|
| 003 | GCL | ||
| 008 | 140319s9999 xx 000 0 ara d | ||
| 040 |
_aGCL / _cGCL |
||
| 082 | 0 | 4 |
_a940.2 _bر غ |
| 100 | 1 | _aفؤاد زكريا | |
| 245 | 1 | 0 |
_aالغرب والعالم: تاريخ الحضارة من خلال موضوعات : القسم الثانى( عالم المعرفة 97 ) / _cفؤاد زكريا |
| 700 | 1 | _aرايلى، كافلين | |
| 700 | 1 | _aعبدالوهاب محمد المسيرى | |
| 700 | 1 | _aهدى عبدالسميع حجازى | |
| 300 | _a391 ص | ||
| 490 |
_aعالم المعرفة _v0 |
||
| 650 | 0 | 4 | _aالحضارة |
| 650 | 0 | 4 | _aالاشتراكية |
| 650 | 0 | 4 | _aالتنمية الاقتصادية |
| 650 | 0 | 4 | _aالرقيق |
| 650 | 0 | 4 | _aالثقافة العربية |
| 650 | 0 | 4 | _aالراسمالية |
| 650 | 0 | 4 | _aالعنصرية |
| 650 | 0 | 4 | _aالغرب |
| 650 | 0 | 4 | _aاوربا |
| 650 | 0 | 4 | _aمكيافلى |
| 942 |
_2ddc _cBK |
||
| 999 |
_c51507 _d51507 |
||